000
00322nam a22001457a 4500
008
210518b ||||| |||| 00| 0 eng d
020
_a
9780534115869
041
_a
eng
080
_2
4th
_a
37
082
_a
37
100
_a
46
101
_a
EDU
245
_a
I Never Knew i Had a Choice
_c
Gerald Corey
942
_2
udc
_c
BK
999
_c
57446
_d
57446